Calciatori della Premier League nella Squadra dell'anno UEFA - Statistics

Statistiche generali
  • Questo quiz è stato fatto 12 volte
  • Il punteggio medio è 21 su 29
Statistiche sulle risposte
Numero apparizioni Edizioni apparizioni Nazione Squadra Calciatore % Corretto
4 2004; 2007; 2008; 2009 Portogallo Manchester United Cristiano Ronaldo
100%
1 2007 Costa d'Avorio Chelsea Didier Drogba
100%
2 2011, 2013 Galles Tottenham Gareth Bale
100%
1 2019 Senegal Liverpool Sadio Mané
100%
3 2018; 2019; 2020 Paesi Bassi Liverpool Virgil van Dijk
100%
1 2019 Scozia Liverpool Andrew Robertson
90%
2 2004, 2010 Inghilterra Arsenal / Chelsea Ashley Cole
90%
2 2017; 2018 Belgio Chelsea Eden Hazard
90%
1 2008 Spagna Liverpool Fernando Torres
90%
4 2005; 2007; 2008; 2009 Inghilterra Chelsea John Terry
90%
3 2017; 2019; 2020 Belgio Manchester City Kevin De Bruyne
90%
5 2001; 2002; 2003; 2004, 2006 Francia Arsenal Thierry Henry
90%
1 2019 Inghilterra Liverpool Trent Alexander-Arnold
90%
1 2019 Brasile Liverpool Alisson
80%
1 2018 Francia Chelsea N'Golo Kanté
80%
1 2005 Repubblica Ceca Chelsea Petr Čech
80%
3 2005; 2006; 2007 Inghilterra Liverpool Steven Gerrard
80%
1 2014 Argentina Manchester United Ángel Di María
70%
2 2006; 2008 Spagna Arsenal Cesc Fàbregas
70%
1 2013 Germania Arsenal Mesut Özil
70%
1 2009 Francia Manchester United Patrice Evra
70%
1 2004 Portogallo Chelsea Ricardo Carvalho
70%
2 2001; 2003 Inghilterra Manchester United David Beckham
60%
1 2020 Spagna Liverpool Thiago Alcántara
60%
1 2003 Paesi Bassi Manchester United Ruud van Nistelrooij
50%
1 2001 Francia Arsenal Patrick Vieira
40%
1 2002 Irlanda Blackburn Damien Duff
20%
1 2005 Spagna Liverpool Luis García
10%
1 2001 Turchia Liverpool Sami Hyypiä
0%
Nessun quiz corrispondente trovato
Distribuzione punteggi
Percentuale di utenti per punteggio
Percentile per numero di risposta
I tuoi punteggi nel tempo
Non hai fatto questo quiz